NBA Players by Letter - E - Statistics

General Stats
  • This quiz has been taken 30 times
  • The average score is 3 of 7
Answer Stats
Team Answer % Correct
76ers Joel Embiid
95%
Celtics Carsen Edwards
45%
Knicks Wayne Ellington
36%
Timberwolves Jacob Evans
32%
Magic James Ennis
23%
Cavaliers Dante Exum
18%
Spurs Drew Eubanks
18%
No matching quizzes found
Score Distribution
Percent of People with Each Score
Percentile by Number Answered
Your Score History
You have not taken this quiz